[Event "Barcelona"]
[Site "Barcelona"]
[Date "1990.??.??"]
[Round "7"]
[White "Vera Gonzalez Quevedo, Reynaldo"]
[Black "Smyslov, Vassily V"]
[Result "1-0"]
[WhiteElo "2485"]
[BlackElo "2570"]
[Annotator "Ftacnik,L"]
[PlyCount "75"]
[EventDate "1990.09.??"]
[EventType "tourn"]
[EventRounds "9"]
[EventCountry "ESP"]
[EventCategory "10"]
[SourceTitle "CBM 021"]
[Source "ChessBase"]
[SourceDate "1991.04.01"]
[SourceVersion "1"]
[SourceVersionDate "1991.04.01"]
[SourceQuality "1"]

1. d4 {Hertneck} d5 2. c4 c6 3. Nc3 Nf6 4. cxd5 cxd5 5. Bf4 Nc6 6. e3 e6 7. Bd3
a6 (7... Be7 {Hertneck} 8. h3 O-O (8... Bd6 {/\ 9.Bxd6 Qxd6 10.f4 0-0 11.Sf3 
><g3} 9. Qf3 $6 e5 10. dxe5 Nxe5 11. Bxe5 Bxe5 12. Nge2 O-O 13. O-O Bd7 $1 {
Douven,R-Kuijf,M, Hilversum ch-NL 1989}) 9. Nf3 Qb6 $6 10. a3 Bd7 11. O-O Rfc8
12. Qe2 {+/= Klinger,J-Smyslov,V, Palma de Mallorca 1990, i48/498}) (7... Bd6 {
Hertneck} 8. Bxd6 Qxd6 9. f4 O-O 10. Nf3 b6 (10... Nb4 11. Bb1 b6 12. a3 Nc6
13. O-O Ba6 14. Rf2 Ne7 15. Ne5 {/\ Rf3-h3 +/- Rashkovsky,N-Gufeld,E, URS 1980}
) 11. a3 Bb7 12. O-O Ne7 13. Rc1 $6 (13. Ne5 {/\ Rf3-h3 ->}) 13... Rfc8 14. Nb5
Qd8 15. Rxc8 Nxc8 {Savchenko,S-Oll,L, URS-YM Tbilisi 1989}) 8. Rc1 (8. h3 {
Hertneck} Bd6 9. Bxd6 Qxd6 10. f4 O-O 11. Nf3 $14) 8... h6 9. Qe2 $5 (9. Bg3 $5
{Hertneck  /\ 9...Bd6 10.f4, 11.Nf3, 12.Ne5}) 9... Bd6 (9... Be7 10. Nf3 $14)
10. Bxd6 Qxd6 11. f4 $1 g5 $5 (11... O-O 12. Nf3 Bd7 13. Ne5 Rac8 14. g4 $16)
12. g3 gxf4 13. gxf4 Bd7 14. Nf3 Rg8 15. Ne5 Qe7 (15... Qb4 {Hertneck  /\ Ke7,
Rg8<->a8}) 16. Kd2 $1 Rc8 $6 (16... O-O-O $5 17. a3 Kb8 $14) 17. Rhg1 Rxg1 18.
Rxg1 Qb4 19. Kc1 $1 Ke7 (19... Nxe5 20. fxe5 Rxc3+ 21. bxc3 Qxc3+ 22. Kb1 $18)
20. Qe1 Be8 (20... Nxe5 21. fxe5 Ne4 22. Bxe4 dxe4 23. Qh4+ Kf8 24. Qxh6+ Ke7
25. Qh4+ Kf8 26. Qe1 $18) (20... Rg8 $2 21. Rxg8 Nxg8 22. Nxd5+ $1 exd5 23.
Nxc6+ $18) 21. Kb1 Qa5 22. a3 Nb8 (22... Bd7 23. Qh4 $16) 23. f5 $1 exf5 (23...
Bd7 24. Rg7) 24. Bxf5 Rc7 25. e4 $1 dxe4 (25... Kf8 26. Qh4 $40 (26. Nxd5 Qxe1+
27. Rxe1 Nxd5 28. exd5 $16)) 26. Bxe4 Qb6 (26... Nxe4 27. Qxe4 Kf8 28. Nd5 Rc8
29. Ng6+ $1 $18) 27. Bc6 $1 Bxc6 (27... Kf8 28. Nd5 Nxd5 29. Ng6+ Kg7 30. Nf4+
Kh7 31. Qe4+ $18) 28. Nxc6+ (28. Nc4+ Be4+ $1) 28... Kf8 29. Nxb8 $18 Qxd4 30.
Qg3 Rc5 31. Rd1 (31. Qg7+ Ke7 32. Re1+ Re5) 31... Qe5 32. Qxe5 Rxe5 33. Nd7+
Nxd7 34. Rxd7 Rh5 35. Rd2 Kg7 36. Kc2 Rh3 37. Rf2 h5 38. Ne4 {Ftacnik,L} 1-0

[Event "Tilburg"]
[Site "Tilburg"]
[Date "1993.??.??"]
[Round "1"]
[White "Vaisser, Anatoli"]
[Black "Adianto, Utut"]
[Result "0-1"]
[WhiteElo "2580"]
[BlackElo "2510"]
[Annotator "Ftacnik,L"]
[PlyCount "72"]
[EventDate "1993.11.??"]
[EventType "k.o."]
[EventRounds "7"]
[EventCountry "NED"]
[SourceTitle "CBM 039"]
[Source "ChessBase"]
[SourceDate "1994.04.01"]
[SourceVersion "1"]
[SourceVersionDate "1994.04.01"]
[SourceQuality "1"]

1. d4 d5 2. c4 c6 3. Nc3 Nf6 4. cxd5 cxd5 5. Bf4 Nc6 6. e3 e6 7. Bd3 Bd6 8.
Bxd6 Qxd6 9. f4 Bd7 10. Rc1 h6 11. Nf3 g5 12. O-O $6 (12. g3) 12... gxf4 13.
Nb5 Qb8 14. Ne5 a6 15. Rxf4 axb5 16. Rxc6 $5 Bxc6 17. Rxf6 Rf8 18. Qh5 Qd6 $1 (
18... Qc7 19. Nxf7 Ke7 20. Qxh6 $16) 19. Nxf7 Qb4 20. Rxe6+ (20. Ne5+ Kd8 21.
Qxh6 Rxf6 22. Qxf6+ Kc7 $15) 20... Kd7 21. Qf5 Kc7 $1 22. h3 Rxa2 23. Qh7 Kb6
24. Qg7 Qxb2 $1 25. Ne5 Rf2 26. Rg6 (26. Bf1 Rxf1+ 27. Kxf1 Ra1#) 26... Qc1+
27. Kh2 Qxe3 28. Rg4 h5 29. Qg5 Rxg2+ $1 30. Rxg2 Qxg5 31. Rxa2 Qf4+ 32. Kg2
Qxd4 33. Re2 b4 34. Bg6 Bb5 35. Nf3 Qf6 36. Ne5 Qg5+ (36... Bxe2 $2 37. Nd7+)
0-1

[Event "Bundesliga 0304"]
[Site "Germany"]
[Date "2004.04.25"]
[Round "15.5"]
[White "Kalinitschew, Sergey"]
[Black "Houska, Jovanka"]
[Result "1-0"]
[WhiteElo "2519"]
[BlackElo "2358"]
[Annotator "Ftacnik,L"]
[PlyCount "79"]
[EventDate "2003.11.01"]
[EventType "team-tourn"]
[EventRounds "15"]
[EventCountry "GER"]
[SourceTitle "CBM 101"]
[Source "ChessBase"]
[SourceDate "2004.07.27"]
[SourceVersion "1"]
[SourceVersionDate "2004.07.27"]
[SourceQuality "1"]
[WhiteTeam "Kreuzberg"]
[BlackTeam "Hofheim"]
[WhiteTeamCountry "GER"]
[BlackTeamCountry "GER"]

1. d4 d5 2. c4 c6 3. Nc3 Nf6 4. e3 a6 5. Bd3 g6 6. Nf3 Bg7 7. O-O O-O 8. Qc2
Bg4 9. Ne5 Be6 10. Rd1 {White players were unable to show way to get advantage
in this critical opening position.} Nfd7 11. Nxd7 Nxd7 12. cxd5 (12. b3 b5 13.
cxd5 cxd5 14. Ne2 Rc8 15. Qd2 Nf6 16. Ba3 Ne4 17. Bxe4 dxe4 18. Bb4 Re8 19.
Rac1 Qd7 20. Ng3 Bd5 21. Rxc8 Rxc8 {1/2-1/2 Tanaka,Y-Hajnal,Z/Budapest 2002/ 
(72)}) 12... cxd5 (12... Bxd5 $2 13. Nxd5 cxd5 14. Qb3 Nb6 15. Bd2 $16) 13. Qb3
Rb8 (13... Nb6 14. Qb4 (14. Bd2 Qd6 15. Ne2 Nc4 16. Bb4 Qd7 17. Rac1 a5 $13)
14... a5 15. Qc5 Nc4 16. Bxc4 b6 17. Qb5 dxc4 18. d5 $14) 14. a4 {Due to the
unnatural defense of the d5 pawn white can hope to claim some small plus.} Qb6
(14... Nf6 15. Bd2 Qd6 16. Ne2 $14) 15. Qa3 (15. Qxb6 Nxb6 16. a5 Nd7 17. Bd2
$14) 15... Qd8 (15... Rfe8 16. Bd2 Nf6 17. a5 $14) 16. Bd2 f5 (16... Nf6 17.
Rac1 Re8 18. a5 $14) 17. Ne2 Bf7 18. Bb4 Re8 19. a5 Rc8 (19... e5 20. dxe5 Nxe5
21. Nd4 $14) 20. Rac1 Rxc1 21. Rxc1 Nb8 (21... e5 22. Bd6 e4 23. Bc2 $14) 22.
Bc5 Nc6 23. Bb6 Qd7 24. b4 $1 {Houska has taken a long time to coordinate her
pieces. White's queenside strategy looks more dangerous than black's central
counterplay.} Qd6 (24... Rc8 25. b5 axb5 26. Bxb5 e5 27. dxe5 Bxe5 28. a6 bxa6
29. Qxa6 $16) 25. Bc5 Qf6 (25... Qc7 26. Qa4 e5 27. Bxa6 $1 bxa6 28. Bb6 $16)
26. b5 axb5 (26... Nb8 27. Bb4 Bf8 28. Qa4 axb5 29. Bxb5 Rd8 30. Rc7 $16) 27.
Bxb5 Ra8 28. Bxc6 (28. Bb4 Nxb4 29. Qxb4 e5 30. Rc7 exd4 31. Nxd4 Qd8 $14)
28... Qxc6 (28... bxc6 29. Bxe7 Qe6 30. Nf4 Qc8 31. Ra1 $18) 29. Bxe7 Qb5 30.
Nf4 (30. Nc3 Qxa5 31. Qxa5 Rxa5 32. Rb1 h6 33. Kf1 $16) 30... Rxa5 (30... Qxa5
31. Qxa5 Rxa5 32. Rc8+ Be8 33. h4 Kf7 34. Rc7 $18) 31. Qd6 $1 {[%mdl 128] The
material balance was restored, but the position is very difficult for black.
Kalinitschew can hope to defeat the opponent with kingside attack.} (31. Rc8+
Be8 32. Rxe8+ $2 Kf7 $1 $17) 31... Ra8 32. h4 Qb2 33. Rc7 h6 (33... Ra1+ 34.
Kh2 Qxf2 35. Qd8+ $18) 34. h5 g5 (34... Ra1+ 35. Kh2 Qxf2 36. Rc8+ $18) 35.
Bxg5 $1 (35. Qd7 Qb1+ 36. Kh2 Be8 37. Qxd5+ Bf7 38. Bf6 Rf8 39. Rxf7 Rxf7 40.
Bxg7 gxf4 41. Bxh6 $18) 35... hxg5 36. Rxf7 $1 {A fine combination clearing an
access to black king.} Ra1+ 37. Kh2 Qxf2 (37... Kxf7 38. Qe6+ Kf8 39. Ng6#) (
37... gxf4 38. Qg6 $18) 38. Rxg7+ Kxg7 39. h6+ Kg8 (39... Kf7 40. Qe6+ Kf8 41.
Ng6#) 40. Qe6+ 1-0

[Event "Dortmund-A"]
[Site "Dortmund"]
[Date "1991.??.??"]
[Round "3"]
[White "Chernin, Alexander"]
[Black "Smagin, Sergey"]
[Result "1/2-1/2"]
[WhiteElo "2610"]
[BlackElo "2550"]
[Annotator "Ftacnik,L"]
[PlyCount "42"]
[EventDate "1991.03.23"]
[EventType "tourn"]
[EventRounds "9"]
[EventCountry "GER"]
[EventCategory "12"]
[SourceTitle "CBM 023"]
[Source "ChessBase"]
[SourceDate "1991.08.01"]
[SourceVersion "1"]
[SourceVersionDate "1991.08.01"]
[SourceQuality "1"]

1. d4 {Hertneck} d5 2. c4 c6 3. Nc3 e5 4. cxd5 cxd5 5. Nf3 (5. e4 dxe4 6. Bb5+
Bd7 7. dxe5 Bb4 8. Bd2 e3 9. fxe3 Nh6 10. e6 fxe6 11. Qh5+ Nf7 12. Nf3 g6 13.
Qg4 $14 {Van der Sterren,P-Hector,J/Kerteminde/1991/ ->CBM 23}) 5... e4 6. Ne5
Nc6 7. Bf4 (7. Qa4 {Hertneck} Bd7 8. Nxd7 Qxd7 9. Bf4 Nf6 10. e3 Be7 11. Bb5
O-O $14 {ECO D10/4}) 7... Bb4 (7... Nge7 8. e3 Qb6 9. Be2 Nxe5 10. Bxe5 a6 11.
O-O Qe6 12. Qb3 f6 13. Bg3 $14 {Wiedenkeller,M-Zapolskis,A/Stockholm op/1990/})
8. Nxc6 bxc6 9. Qa4 (9. e3 {Hertneck}) 9... Qb6 10. Rc1 Ne7 11. e3 O-O 12. Qb3
(12. a3 Bxc3+ 13. bxc3 Qb2 $36) (12. Be2 {Hertneck} Ng6 13. Bg3 f5 $36) 12...
Ng6 13. Bg3 f5 14. a3 Be7 15. Qxb6 axb6 16. Bc7 f4 $1 (16... b5 17. Na2 $1 $14)
(16... b5 $1 {Hertneck  /\ f4, /\ b4 |^}) 17. Bxb6 fxe3 18. fxe3 Rb8 19. Na4
Ra8 20. Nc3 Rb8 21. Na4 Ra8 {Ftacnik,L} 1/2-1/2

[Event "FRA-chT 9900"]
[Site "France"]
[Date "2000.04.28"]
[Round "8.1"]
[White "Gelfand, Boris"]
[Black "Solozhenkin, Evgeniy"]
[Result "1-0"]
[WhiteElo "2692"]
[BlackElo "2528"]
[Annotator "Gelfand,B"]
[PlyCount "65"]
[EventDate "1999.02.04"]
[EventType "team"]
[EventRounds "11"]
[EventCountry "FRA"]
[SourceTitle "CBM 077"]
[Source "ChessBase"]
[SourceDate "2000.07.27"]
[SourceVersion "1"]
[SourceVersionDate "2000.07.27"]
[SourceQuality "1"]

1. d4 d5 2. c4 c6 3. Nc3 Nf6 4. e3 a6 5. Bd3 Bg4 6. Qb3 Ra7 (6... b5 7. cxd5
cxd5 8. f3 Bc8 (8... Bh5 9. a4 bxa4 (9... b4 10. Qxb4 Nc6 11. Qb3) 10. Qb7 Nbd7
11. Nxd5 $16) 9. f4 Nc6 10. Nf3 $14) 7. h3 Bh5 8. cxd5 $146 (8. Nge2 Bg6 9.
Bxg6 hxg6 10. O-O e6 11. e4 dxc4 12. Qxc4 b5 13. Qb3 b4 14. e5 bxc3 15. exf6
cxb2 16. Bxb2 gxf6 17. d5 e5 18. dxc6 {1-0 Miton,K-Sammour Hasbun,J/CCA
ChessWise Int 1999 (32)}) 8... cxd5 9. g4 (9. e4 e6) 9... Bg6 10. Bxg6 hxg6 11.
g5 Ne4 (11... Nh7 12. Nf3 e6 13. e4 dxe4 14. Nxe4 Nc6 15. Be3 Qd5 $13) 12. Nxe4
dxe4 13. Qc2 (13. d5 b5 (13... Nd7 $5 14. Qa4 b5 15. Qxe4 Nb6 16. Qd4 Qxd5 17.
Qxb6 Rb7 (17... Rd7 18. f3) 18. Qxa6 Qxh1 19. Qa8+ Kd7 20. e4 Qxg1+ (20...
Qxe4+ 21. Be3 $13) 21. Ke2 Rc7 $11) 14. a4 Rb7 $13) 13... Rh4 $6 (13... Qd5 $5
14. Ne2 (14. Qc8+ Qd8 15. Qg4 e6 16. h4 Qd5 17. Ne2 Bd6 $15) 14... e6 (14...
Nc6 15. Nc3 Qxg5 16. d5 (16. Qxe4 e6 17. d5 Rh4) 16... Qg2 17. Rf1) 15. Qc8+
Qd8 16. Qxd8+ Kxd8 17. h4 $14) 14. f4 exf3 (14... Qd5 15. Ne2) 15. Nxf3 Rh5 16.
e4 (16. Ne5 $5 Nd7 (16... e6 17. Rf1 b5 18. Rxf7) 17. Nxg6 Rxg5 18. Nxf8 (18.
Nf4 e5) 18... Kxf8 19. e4 Rh5 $5 (19... Rg3 20. Bf4 Rf3 21. Bc7 Qe8 22. Qe2 Rf6
23. Rc1 Rc6 24. O-O $13) 20. Be3 Ra8 $13) 16... e6 17. Be3 $14 (17. Bf4 Bd6 18.
Bxd6 Qxd6 19. Qc8+ Qd8 20. Qxd8+ Kxd8 $11) 17... b5 18. a4 (18. d5 Rc7 19. Qb3
exd5 $1 20. Bb6 dxe4 21. Bxc7 Qxc7 $17) (18. Rc1 $5 Bd6 19. Kf2 (19. Qg2 $5
Qa5+ (19... Rc7 20. O-O) 20. Ke2 (20. Kf1 Rc7 (20... Qxa2 21. e5 Bc7 22. d5))
20... Qxa2 $140 21. e5 Qxb2+ 22. Nd2) 19... Rc7 20. Qd2 Rxc1 21. Qxc1 $14)
18... Rb7 (18... Rc7 19. Qe2 (19. Qb3 Rc4 20. axb5 Rb4 21. Qc2 Rxb5 {-game})
19... bxa4 20. d5 $13) 19. axb5 Rxb5 20. Ra4 Bb4+ (20... Bd6 21. Rc4 Qb6 22.
Bc1 $14) 21. Ke2 a5 22. Ne5 $6 (22. h4 Nd7 23. Rc1 $14) (22. Raa1 Bd6) 22...
Nd7 (22... Rb7 23. Raa1) 23. Nd3 (23. Nc6 Qb6 24. Nxb4 Rxb4 25. Rxb4 Qxb4 $11)
(23. Qc4 Rb8) 23... Be7 $2 (23... Rhxg5 24. Bxg5 Qxg5 25. Rf1 $16) (23... Rbxg5
24. Bxg5 Qxg5 25. Raa1 $16) (23... Rh4 $1 24. Nxb4 Rxb4 25. Rxb4 axb4 26. Qc6
Qb6 (26... Qa5 27. Kf3) 27. Qxb6 (27. d5 Qxc6 (27... Rxe4) 28. dxc6 Ne5) 27...
Nxb6 28. Bf2 Rh8 $14 (28... Rh5 29. h4)) 24. Rc4 $1 Nb6 (24... Rb8 25. Bf4 $1 (
25. h4)) 25. Rc7 Bxg5 26. Qc6+ Kf8 27. Rf1 (27. Qxb5 Qxc7 28. Bxg5 Qc2+ $132)
27... Bf6 (27... f5 28. Nc5 Rxb2+ 29. Kd1 $3 (29. Kd3 Rxh3 $1) 29... Kg8 30.
Nxe6 $18) (27... f6 28. Nc5 Rxb2+ 29. Kd1 Kg8 30. Nxe6) (27... Be7 28. d5 $18 (
28. Qxe6 Rhf5 29. Qc6 Rxf1 30. Kxf1 Rb3 31. Ke2 Qd6 $14)) 28. d5 $1 (28. e5
Rxh3 $132 29. exf6 Rxe3+ 30. Kxe3 Nd5+ 31. Ke2 Nxc7 32. fxg7+ Kxg7 33. Rc1 Qxd4
34. Qxc7 $13) 28... exd5 29. Bxb6 Rxb6 30. Qxb6 Qe8 31. e5 (31. Qc5+ Be7 32.
Qc6) 31... Kg8 32. Qc6 Rxe5+ 33. Kd1 (33. Nxe5 $4 Qxe5+ $11) 1-0

[Event "ISR-chT"]
[Site "Ramat Aviv"]
[Date "2000.05.05"]
[Round "10.2"]
[White "Gelfand, Boris"]
[Black "Huzman, Alexander"]
[Result "1-0"]
[WhiteElo "2692"]
[BlackElo "2574"]
[Annotator "Gelfand,B"]
[PlyCount "95"]
[EventDate "2000.01.14"]
[EventType "team"]
[EventRounds "11"]
[EventCountry "ISR"]
[SourceTitle "CBM 077"]
[Source "ChessBase"]
[SourceDate "2000.07.27"]
[SourceVersion "1"]
[SourceVersionDate "2000.07.27"]
[SourceQuality "1"]
[WhiteTeam "Rishon Le Zion Kasparov"]
[BlackTeam "Beer Sheva"]
[WhiteTeamCountry "ISR"]
[BlackTeamCountry "ISR"]

1. d4 {Huebner,R.} d5 2. c4 c6 3. Nc3 dxc4 4. e4 b5 5. a4 b4 6. Nce2 e6 7. Nf3
Nf6 8. Ng3 Ba6 9. Bg5 $5 (9. Be2 c5 $1 10. O-O Nc6 11. Be3 cxd4 12. Nxd4 Nxd4
13. Bxd4 Be7 14. Rc1 Rc8 $15) (9. Qc2 b3 $1 10. Qc3 Qb6 11. Bd2 Bd6 (11... h5
12. h4 Bd6 13. a5 Qb7 14. Ng5 $13) 12. e5 Nd5 13. Qc1 Bb4 14. Bxc4 O-O 15. Ne4
$13) 9... Qa5 (9... Be7 10. e5 Nd5 11. Bxe7 Qxe7 12. Ne4 O-O 13. Nc5 c3 14.
Nxa6 cxb2 15. Rb1 $16) 10. Be2 Nbd7 (10... b3+ 11. Bd2 Bb4 12. O-O O-O 13. Rc1
$16) (10... c3 $5 {Huebner,R}) 11. O-O h6 $5 $146 (11... c3 12. Bxa6 (12. bxc3
Bxe2 13. Qxe2 bxc3 $13) 12... cxb2 13. Bb7 bxa1=Q 14. Qxa1 Rd8 15. Bxc6 h6 16.
Bxf6 gxf6 17. d5 $40) (11... Be7 12. Rc1 c5 $2 (12... Nb6 13. Ne5 Rc8 {Huebner}
) 13. d5 exd5 14. e5 $18 {Ovsejevitch-Varga,99,Hungary}) 12. Bxf6 gxf6 {
'?!' Huebner,R. Huebner,R: 'Dies mißfällt mir. Schwarz sollte meines Erachtens'
} (12... Nxf6 {(Huebner,R) spielen und die kurze Rochade anstreben; nach dem
Textzug findet sein König keinen sicheren Platz mehr.} 13. Rc1 $16 {(Gelfand)})
13. Qc1 (13. Rc1 Nb6 14. Nd2 Qxa4 15. Nxc4 Qxd1 16. Rfxd1 Nxc4 17. Bxc4 Bxc4
18. Rxc4 a5 $1 19. Rxc6 a4 $13) 13... Nb6 14. Nd2 (14. Qf4 Be7 15. Qc7 $140 (
15. Qg4 Kf8 $13) 15... Rc8 16. Qxa7 Bd8 $19) 14... O-O-O {'?!' Huebner,R.} (
14... Rd8 {Huebner,R} 15. Bxc4 Nxc4 16. Nxc4 Qc7 17. Rd1 h5 {sieht etwas
besser aus.}) 15. Bxc4 $1 (15. Nxc4 Nxc4 16. Bxc4 Rxd4 $17) 15... Nxc4 16. Nxc4
Qc7 17. Rd1 Bc5 $2 (17... f5 $5 18. exf5 Bg7 19. fxe6 (19. Ne4 Rxd4) 19... fxe6
20. Ne4 $5 (20. Ne5 Bxe5 21. dxe5 Rxd1+ 22. Qxd1 Qxe5 23. Rc1 (23. Qd2 c5 24.
Rd1 Bb7) 23... c5 $13) 20... Rxd4 (20... Bxd4 21. Ncd6+ Rxd6 22. Nxd6+ Qxd6 23.
Rxd4 Qxd4 24. Qxc6+ Kb8 25. Qxa6 Qxb2 26. Qb5+ Ka8 27. Qc6+ Kb8 28. Rc1 $14)
21. Rxd4 (21. Ned6+ Kb8 22. Rxd4 Bxd4 23. Qe1 (23. Qd2 c5 24. Nb5 Bxb5 25. axb5
Rf8) 23... Rd8 (23... c5 24. Nb5 $13 Bxb5 $140 25. axb5 Rf8 26. b6 $16) (23...
Rf8 24. Qxb4+ Ka8 25. Nb5 Bxf2+ 26. Kh1) 24. Qxb4+ Ka8 $132) 21... Bxd4 22. Na5
Bxf2+ 23. Nxf2 Qxa5 24. Qxc6+ Kb8 25. Qxe6 Bb7 26. Re1 $14) (17... e5 $1 18.
Nf5 (18. d5 cxd5 (18... Bc5 19. Nxe5 (19. Ne3 $16) 19... Bxf2+ 20. Kxf2 fxe5
$14) 19. Na5 Bc5 20. exd5 Qxa5 21. Ne4 Bb7 22. Nxc5 Rxd5 23. Na6+ Kd7 24. Qc4
Rc8 $15) 18... exd4 19. Rxd4 (19. Qc2 Bc5 $132 (19... c5 20. Rac1 $44)) 19...
Bc5 $1 (19... Rxd4 20. Nxd4 Bc5 21. Nb3 Be7 22. Qc2 $16) 20. Rxd8+ Rxd8 21. Qc2
Bd4 (21... Kb8) (21... b3 22. Qxb3 Qf4 23. Qg3 $140 Qxg3 24. hxg3 Bxc4 25. Rc1
Rd2 26. Rxc4 Bxf2+ 27. Kh2 Kd7 $11) 22. Rb1 c5 (22... Kb8 23. Rc1 c5 24. Nce3)
23. g3 $14) (17... h5 18. Qc2 Bh6 (18... h4 {Huebner,R} 19. Nf1 Bh6 20. Nfe3 {
ist die Lage des Schwarzen unbequem, aber die Partie ist noch nicht zu Ende.
Jetzt gewinnt Weiß zwangsläufig.}) 19. Ne3 $16) (17... c5 18. d5 f5 19. Qc2 f4
(19... fxe4 20. dxe6) 20. Nf1 $16) 18. dxc5 Rxd1+ 19. Qxd1 Bxc4 20. Qd4 $1 $16
Ba6 21. Qxf6 (21. Qxb4 Rd8 22. Re1 Rd7 $16) 21... Rd8 22. Re1 $1 (22. Qxh6 Qe5
23. Qc1 b3 $44) (22. h4 $5 {Huebner,R}) 22... Qd7 (22... b3 $5) (22... Rd2 23.
Qxh6 Qd8 24. h4 $16) 23. Qxh6 Qd2 (23... Qd1 24. Qc1 Qxa4 25. h4 $16 (25. e5
Bd3)) 24. Qxd2 Rxd2 25. h4 $18 Kd7 ({Auch nach} 25... Rxb2 {Huebner,R} 26. h5
Rd2 27. Rb1 Rd4 28. h6 Rd8 29. Rxb4 Rh8 30. e5 Rxh6 31. Rf4 Rh7 32. Ne4 {
muß Schwarz aufgeben.}) 26. h5 Ke7 27. h6 (27. e5 Bd3 28. Re3) 27... Kf6 (27...
Rd8 28. e5) 28. e5+ Kg6 29. Re4 Kxh6 (29... Rxb2 30. Rh4 Kh7 31. Ne4 (31. Ne4 {
Huebner,R} Bd3 32. Nf6+ Kh8 33. Rd4 {, und Weiß gewinnt.})) 30. Rxb4 Rd5 31.
Rf4 Kg7 32. b4 Rxe5 33. Ne4 Bd3 (33... f5 34. Nd6 Re1+ 35. Kh2 Rb1 36. Rh4 $18
(36. g4 e5)) 34. Nd6 Bg6 35. Rc4 Re1+ 36. Kh2 a6 37. Rc3 Kf6 (37... Ra1 38. b5
axb5 39. axb5 cxb5 40. Nxb5) 38. b5 axb5 39. axb5 cxb5 40. c6 b4 41. c7 (41.
Rf3+) 41... bxc3 42. c8=Q Rc1 43. Qd8+ Kg7 44. Ne8+ Kf8 45. Nf6+ Kg7 46. Nd7
Kh6 47. Qh8+ Kg5 48. Qe5+ 1-0

[Event "Lost Boys op"]
[Site "Antwerp"]
[Date "1998.08.03"]
[Round "4"]
[White "Gurevich, Mikhail"]
[Black "Van den Doel, Erik"]
[Result "1-0"]
[WhiteElo "2635"]
[BlackElo "2485"]
[Annotator "Gurevich,M"]
[PlyCount "73"]
[EventDate "1998.08.??"]
[EventType "swiss"]
[EventRounds "9"]
[EventCountry "BEL"]
[SourceTitle "CBM 067"]
[Source "ChessBase"]
[SourceDate "1998.11.30"]
[SourceVersion "2"]
[SourceVersionDate "1998.11.01"]
[SourceQuality "1"]

1. c4 c6 2. d4 d5 3. e3 Bf5 4. Qb3 Qc7 5. Nc3 e6 6. Nf3 Nd7 7. Bd2 $5 Ngf6 8.
Nh4 Bg6 (8... Be4 $5 9. f3 dxc4 10. Bxc4 Bd5 11. e4 Bxc4 12. Qxc4 Be7 13. g3
$13) 9. Nxg6 hxg6 10. h3 Bd6 11. Bd3 a6 $1 12. cxd5 (12. c5 Be7 13. f4 g5 $132)
12... exd5 (12... cxd5 13. Rc1 Qb6 $11) 13. O-O-O O-O 14. Kb1 b5 15. f3 Qb6 $6
(15... Qa7 $1 16. Rc1 c5 $1 $132) 16. g4 a5 17. h4 a4 18. Qc2 a3 $6 (18... b4
$5 19. Nxa4 Qa5 20. b3 c5 21. dxc5 Rfc8 $132) 19. b3 b4 20. Na4 Rxa4 (20... Qc7
21. h5 gxh5 22. g5 $18) 21. bxa4 Rb8 22. Rc1 c5 23. Bb5 $1 $16 cxd4 24. Qc6 Ne5
25. Qxb6 Rxb6 26. Rhf1 d3 27. g5 Nh5 28. f4 Nc4 29. Bxc4 dxc4 30. Rxc4 b3 31.
Rd1 (31. Bc3 Ng3 32. Rd1 $16) 31... Ng3 32. a5 bxa2+ 33. Kxa2 Rb2+ 34. Ka1 Kh7
35. Bc1 Rc2 36. Rxc2 dxc2 37. Rxd6 1-0

[Event "Stuttgart-ch op-A"]
[Site "Ditzingen"]
[Date "2012.05.20"]
[Round "7"]
[White "Epishin, Vladimir"]
[Black "Graf, Felix"]
[Result "1/2-1/2"]
[WhiteElo "2572"]
[BlackElo "2395"]
[Annotator "Gutman,L"]
[PlyCount "34"]
[EventDate "2012.05.17"]
[EventType "swiss"]
[EventRounds "7"]
[EventCountry "GER"]
[SourceTitle "CBM 149"]
[Source "ChessBase"]
[SourceDate "2012.07.17"]
[SourceVersion "1"]
[SourceVersionDate "2012.07.17"]
[SourceQuality "1"]

1. d4 d5 2. c4 c6 3. Nc3 dxc4 4. e3 b5 5. a4 b4 6. Ne4 Qd5 7. Ng3 e5 ({Nach} 
7... Nf6 8. Be2 {gewann Weiß in Gustafsson-Balogh, Porto Carras 2011.}) 8. Nf3
exd4 9. e4 Qd8 ({Dies sollte eine Verbesserung gegenüber} 9... Qa5 10. Bxc4 Ba6
11. Qxd4 $16 {, Rapidpartie Radjabov-Stefanova, Cap d' Agde 2006, sein.}) 10.
Bxc4 Ba6 11. Bxa6 Nxa6 12. Qxd4 Qxd4 13. Nxd4 c5 $6 ({Notwendig war} 13... Nc5
14. Be3 Rc8 15. Nf3 Nf6 16. Bxc5 Bxc5 17. Rc1 Bb6 18. O-O $14 {mit weißem
Druckspiel.}) 14. Nb3 $2 ({Harmlos reagiert, während nach} 14. Nb5 $16 {
die schwarze Lage kritisch ist.}) 14... c4 15. Na5 Rc8 16. Ke2 ({Zum Ausgleich
führt} 16. Be3 c3 17. O-O-O Nc5 18. Bxc5 Bxc5 19. Nb7 Nh6 20. Nxc5 Rxc5 21. f3
cxb2+ 22. Kxb2 Ke7 23. Rd2 Rd8 $11) 16... Rc5 17. Nb7 Rc7 1/2-1/2